| 000 | 00848nam a2200193 i 4500 | ||
|---|---|---|---|
| 001 | 162955 | ||
| 003 | ES-MaACL | ||
| 005 | 20250725035239.0 | ||
| 008 | 990610s1893 cl f |||| | spa d | ||
| 100 | 1 |
_aRamos Ochotorena, Manuel. _9131578 |
|
| 245 | 1 | 0 |
_aApuntes sobre el oríjen progreso i vicisitudes de la escritura en España i de los caractéres de imprenta / _cpor M. Ramos Ochotorena. |
| 260 |
_aSantiago de Chile : _b[s.n.], _c1893 ( _fImp. Cervantes) |
||
| 300 |
_a67 p., III h. de lám. pleg. ; _c24 cm. |
||
| 500 | _aPublicado en "Anales de la Universidad de Chile" | ||
| 594 | _aSe ha respetado la puntuación original. | ||
| 650 | 7 |
_aTipos de imprenta _2embne _9147448 |
|
| 852 |
_aES-MaACL _jT-704-F-9 _z- Enc. hol. conservando la rust. original _z. - Donación del autor _z- Enc. en un vol. facticio |
||
| 999 |
_c162955 _d162955 |
||